| 000 | 00723cam a22002294a 4500 | ||
|---|---|---|---|
| 001 | 11839839 | ||
| 005 | 20250425174624.0 | ||
| 008 | 991109s2000 njua b 001 0 eng | ||
| 020 | _a0130219193 (pbk.) | ||
| 020 | _a9780130219190 | ||
| 050 | 0 | 0 |
_aHD30.28 _b.M567 2001 |
| 082 | 0 | 0 |
_a658.4/012 _221 |
| 100 | 1 | _aMische, Michael. | |
| 245 | 1 | 0 |
_aStrategic renewal : _bbecoming a high-performance organization / _cby Michael A. Mische. |
| 260 |
_aUpper Saddle River, N.J. : _bPrentice Hall, _cc2001. |
||
| 300 |
_axii, 275 p. : _bill. ; _c24 cm. |
||
| 650 | 0 | _aStrategic planning. | |
| 650 | 0 | _aOrganizational change. | |
| 650 | 0 | _aOrganizational effectiveness. | |
| 650 | 0 | _aIndustrial management. | |
| 942 |
_2lcc _cBK _n0 |
||
| 999 |
_c5558 _d5558 |
||